| 000 | 00704pam a2200241 a 4500 | ||
|---|---|---|---|
| 001 | 79256121 | ||
| 003 | OSt | ||
| 005 | 20150408114143.0 | ||
| 008 | 070117s2007 wau 000 0 eng | ||
| 020 | _a9788130906331 (pbk.) | ||
| 020 | _a1551807696 (pbk.) | ||
| 035 | _a(OCoLC)79256121 | ||
| 040 | _aMa-Un | ||
| 082 | 0 |
_a651.1 _222 |
|
| 100 | 1 |
_aWatson, Jane, _d1948- _938150 |
|
| 245 | 1 | 0 |
_aBusiness writing basics / _cJane Watson. |
| 260 |
_a New Delhi : _bInternational Self-Counsel Press, _cc2008. |
||
| 300 |
_axiv, 170 p. ; _c23 cm. |
||
| 650 | 0 |
_aBusiness writing. _915117 |
|
| 650 | 0 |
_aEnglish language _xBusiness English. |
|
| 650 | 0 |
_aElectronic mail messages. _938151 |
|
| 942 |
_2ddc _cBOOK |
||
| 999 |
_c31392 _d265892 |
||